| 000 | 01059nam a22002897a 4500 | ||
|---|---|---|---|
| 001 | 03566 | ||
| 003 | HDC | ||
| 007 | cr bn ---aaaaa | ||
| 008 | 210110t2004 nyu||||| |||| 00| 0 eng | ||
| 020 | _a0-8247-4783-6 | ||
| 040 | _aHDC | ||
| 100 |
_aPeart, Robert M. _eauthor _93066 |
||
| 245 | 0 |
_aAgricultural systems management : optimizing efficiency and performance. Chapter 6 : _bSimulation of Crop Growth and Field Operations: CropPlan / by _cRobert M. Peart and Robert Smith |
|
| 260 |
_aNew York : _bMarcel Dekker, _c2004 |
||
| 300 | _a26 pages | ||
| 336 |
_atext _2rdacontent |
||
| 337 |
_acomputer _2rdamedia |
||
| 338 |
_aonline resource _2rdacarrier |
||
| 650 |
_aAgricultural systems _93067 |
||
| 650 |
_aCropPlan _93085 |
||
| 650 |
_aField Operations: CropPlan _93084 |
||
| 700 |
_aSmith, Robert _eauthor _9301 |
||
| 856 | _zRequest full-text at [email protected] | ||
| 942 | _2lcc | ||
| 942 | _cCHAP | ||
| 942 | _kEBCH 001612 | ||
| 999 |
_c916 _d916 |
||